000
00282nam a2200109Ia 4500
008
190914s9999||||xx |||||||||||||| ||und||
100
_a
PPA,Research Centre
245
0
_a
Estacode Civil Establishment code
260
_a
Islamabad
_b
Tata McGraw Hill
_c
2002
300
_a
593
942
_c
BK
999
_c
9662
_d
9662